000 02523cam a22005294i 4500
003 PE-LiUPU
005 20250731172800.0
008 150617s1953 ag a rb 000 0 spa d
035 _a(Sirsi) a13044
040 _aPE-LiUPU
_bspa
_cPE-LiUPU
_erda
049 _aPRUA
082 0 4 _a220.91
_bP62
_221
100 1 _aPistonesi, José A.,
_eautor.
245 1 0 _aGeografía bíblica de palestina /
_cJosé A. Pistonesi.
264 1 _aBuenos Aires :
_bJunta de Publicaciones de la Convención Evangélica Bautista,
_c1953.
300 _a271 páginas :
_bilustraciones ;
_c18 centímetros
336 _atext
_2rdacontent
337 _aunmediated
_2rdamedia
338 _avolume
_2rdacarrier
504 _aIncluye bibliografía.
505 0 _aPalestina: Nombres, límites, topografía -- Palestina en los tiempos de Jesús: Divisiones políticas -- Mares y lagos -- Ríos -- Montes -- Desiertos, valles y llanos -- Clima -- Productos -- Caminos -- Primitivos habitantes de Canaán -- Pueblos vecinos de Israel -- Ciudades -- Cuestionario para el examen.
526 _aSEG42
526 _aSEG41
526 _aSEG40
526 _aSEG39
526 _aP94
526 _aP87
526 _aP86
526 _aP85
526 _aP77
526 _aP76
526 _aP35
650 0 4 _aGEOGRAFIA BIBLICA.
910 _ajck
_bjvq
_cjck
_d20150616
942 _2ddc
_cBOOK
949 _a220.91 P62
_wDEWEY
_c1
_i04968
_lCCODEBUL1
_mBUL
_p00.00
_r0
_sY
_tBOOK
_u2015-04-22
_xTEOLOGIA
_PP35
_0COMPRA
_o.STAFF. Colección General
949 _a220.91 P62
_wDEWEY
_c2
_i54948
_lCCODEBUL1
_mBUL
_p00.00
_r0
_sY
_tBOOK
_u2015-04-22
_xTEOLOGIA
_PP35
_0COMPRA
_o.STAFF. Colección General
949 _a220.91 P62
_wDEWEY
_c3
_i04996
_lCCODEBUL1
_mBUL
_p00.00
_r0
_sY
_tBOOK
_u2015-04-22
_xTEOLOGIA
_PP35
_0COMPRA
_o.STAFF. Colección General
994 _aC0
_bPEPRU
596 _a1
999 _a220.91 P62
_wDEWEY
_c3370
_i04968
_d3370
_f2021-11-9
_g5
_lCCODEBUL1
_mBUL
_q1
_r0
_sY
_tBOOK
_u2015-4-22
_xTEOLOGIA
_PP35
_0COMPRA
_o.STAFF. Colección General
999 _a220.91 P62
_wDEWEY
_c2
_i54948
_d2019-11-25
_e2017-11-12
_f2019-12-9
_g4
_lDISCARD
_mBUL
_n3
_p12.00
_q1
_r0
_sY
_tBOOK
_u2015-4-22
_xTEOLOGIA
_PP35
_0COMPRA
_o.STAFF. Colección Teología
999 _a220.91 P62
_wDEWEY
_c3
_i04996
_d2018-11-8
_e2018-11-4
_f2021-11-9
_g5
_lCCODEBUL1
_mBUL
_n4
_p12.00
_q2
_r0
_sY
_tBOOK
_u2015-4-22
_xTEOLOGIA
_PP35
_0COMPRA
_o.STAFF. Colección Teología
980 _81
_gALBERTO SANCHEZ Responsable de Automatización